000
00248nam a2200097Ia 4500
001
808731
005
20250826171255.0
008
250824s9999 xx 000 0 und d
245
0
_a
ŞEYTAN YEMİNİ
_c
JEAN CHRISTOPHE GRANGE
260
_b
DOĞAN YAYINLARI
999
_c
808731
_d
808731